00321nam a2200121Ia 4500008004100000041000800041082001600049100002000065245004200085260003100127300003000158365001100188240624s9999 xx 000 0 und d aeng a305.235 LAM aLAMBERT JONAMAY a50 ACTIVITIES FOR CONFLICT RESOLUTION c2003aNew DelhibHRD Press axi, : 163 : p. : cm. ; 24 cRSb32